[Event "Hoogeveen Open"]
[Site "Hoogeveen, Netherlands"]
[Date "2018.10.27"]
[Round "9.11"]
[White "Konings, Frans"]
[Black "Sparenberg, Erik"]
[Result "1-0"]
[WhiteElo "2195"]
[BlackElo "2224"]

1. c4 {[%clk 01:30:34]} {[%emt 00:00:25]} Nf6 {[%clk 01:30:49]} {[%emt
00:00:12]} 2. d4 {[%clk 01:30:58]} {[%emt 00:00:05]} c6 {[%clk 01:31:07]}
{[%emt 00:00:12]} 3. Nf3 {[%clk 01:31:01]} {[%emt 00:00:27]} d5 {[%clk
01:31:32]} {[%emt 00:00:05]} 4. e3 {[%clk 01:31:21]} {[%emt 00:00:11]} e6
{[%clk 01:31:53]} {[%emt 00:00:09]} 5. Nc3 {[%clk 01:31:45]} {[%emt 00:00:05]}
Nbd7 {[%clk 01:32:17]} {[%emt 00:00:07]} 6. Qc2 {[%clk 01:32:09]} {[%emt
00:00:05]} Be7 {[%clk 01:31:59]} {[%emt 00:00:48]} 7. b3 {[%clk 01:32:24]}
{[%emt 00:00:16]} O-O {[%clk 01:32:17]} {[%emt 00:00:12]} 8. Bd3 {[%clk
01:32:49]} {[%emt 00:00:04]} b6 {[%clk 01:29:18]} {[%emt 00:03:30]} 9. O-O
{[%clk 01:31:15]} {[%emt 00:02:04]} Bb7 {[%clk 01:29:36]} {[%emt 00:00:10]} 10.
Rd1 {[%clk 01:30:41]} {[%emt 00:01:06]} c5 {[%clk 01:23:52]} {[%emt 00:06:14]}
11. Bb2 {[%clk 01:29:41]} {[%emt 00:01:30]} cxd4 {[%clk 01:24:04]} {[%emt
00:00:18]} 12. Nxd4 {[%clk 01:28:38]} {[%emt 00:01:32]} Ne5 {[%clk 01:12:57]}
{[%emt 00:11:37]} 13. Be2 {[%clk 01:25:28]} {[%emt 00:03:40]} Rc8 {[%clk
01:07:14]} {[%emt 00:06:13]} 14. Rac1 {[%clk 01:23:32]} {[%emt 00:02:26]} Bd6
{[%clk 01:00:28]} {[%emt 00:07:16]} 15. h3 {[%clk 01:16:49]} {[%emt 00:07:14]}
a6 {[%clk 00:53:40]} {[%emt 00:07:18]} 16. Nf3 {[%clk 01:07:33]} {[%emt
00:09:46]} Qc7 {[%clk 00:43:16]} {[%emt 00:10:54]} 17. Qd2 {[%clk 01:00:22]}
{[%emt 00:07:41]} Qe7 {[%clk 00:21:32]} {[%emt 00:22:14]} 18. cxd5 {[%clk
00:55:33]} {[%emt 00:05:18]} exd5 {[%clk 00:21:26]} {[%emt 00:00:36]} 19. Nd4
{[%clk 00:54:15]} {[%emt 00:01:49]} Bb4 {[%clk 00:20:34]} {[%emt 00:01:20]} 20.
Nf5 {[%clk 00:45:09]} {[%emt 00:09:38]} Qe6 {[%clk 00:19:43]} {[%emt 00:01:21]}
21. Ng3 {[%clk 00:42:09]} {[%emt 00:03:31]} Ne4 {[%clk 00:13:18]} {[%emt
00:06:54]} 22. Ngxe4 {[%clk 00:42:04]} {[%emt 00:00:35]} dxe4 {[%clk 00:13:46]}
{[%emt 00:00:03]} 23. a3 {[%clk 00:40:01]} {[%emt 00:02:33]} Be7 {[%clk
00:12:40]} {[%emt 00:01:35]} 24. Nd5 {[%clk 00:39:09]} {[%emt 00:01:22]} Rxc1
{[%clk 00:06:25]} {[%emt 00:06:46]} 25. Nxe7+ {[%clk 00:39:28]} {[%emt
00:00:10]} Qxe7 {[%clk 00:06:54]} {[%emt 00:00:02]} 26. Rxc1 {[%clk 00:35:13]}
{[%emt 00:04:45]} Qg5 {[%clk 00:04:43]} {[%emt 00:02:41]} 27. h4 {[%clk
00:27:23]} {[%emt 00:08:21]} Qf5 {[%clk 00:05:11]} {[%emt 00:00:01]} 28. Qd4
{[%clk 00:26:40]} {[%emt 00:01:13]} f6 {[%clk 00:04:17]} {[%emt 00:01:24]} 29.
Rc7 {[%clk 00:25:09]} {[%emt 00:02:02]} Ba8 {[%clk 00:02:27]} {[%emt 00:02:21]}
30. Bc4+ {[%clk 00:20:04]} {[%emt 00:05:34]} Nxc4 {[%clk 00:01:54]} {[%emt
00:01:02]} 31. bxc4 {[%clk 00:20:14]} {[%emt 00:00:21]} Qe6 {[%clk 00:00:56]}
{[%emt 00:01:27]} 32. h5 {[%clk 00:20:08]} {[%emt 00:00:36]} h6 {[%clk
00:00:57]} {[%emt 00:00:30]} 33. Rd7 {[%clk 00:19:29]} {[%emt 00:01:09]} Qg4
{[%clk 00:00:39]} {[%emt 00:00:47]} 34. Bc3 {[%clk 00:15:28]} {[%emt 00:04:31]}
Qxh5 {[%clk 00:00:36]} {[%emt 00:00:34]} 35. Qxb6 {[%clk 00:14:06]} {[%emt
00:01:52]} Qg4 {[%clk 00:00:33]} {[%emt 00:00:33]} 36. Qd6 {[%clk 00:12:35]}
{[%emt 00:02:01]} h5 {[%clk 00:00:35]} {[%emt 00:00:28]} 37. Bb4 {[%clk
00:11:07]} {[%emt 00:01:58]} Rc8 {[%clk 00:00:32]} {[%emt 00:00:32]} 38. c5
{[%clk 00:07:51]} {[%emt 00:03:47]} Bc6 {[%clk 00:00:32]} {[%emt 00:00:30]} 39.
Re7 {[%clk 00:07:03]} {[%emt 00:01:17]} h4 {[%clk 00:00:36]} {[%emt 00:00:27]}
40. Kh2 {[%clk 00:06:50]} {[%emt 00:00:43]} Qf5 {[%clk 00:00:32]} {[%emt
00:00:34]} 41. Bc3 {[%clk 00:01:35]} {[%emt 00:05:45]} h3 {[%clk 00:24:22]}
{[%emt 00:06:39]} 42. Qg3 {[%clk 00:31:19]} {[%emt 00:00:46]} g5 {[%clk
00:18:57]} {[%emt 00:05:55]} 43. Qxh3 {[%clk 00:30:37]} {[%emt 00:01:12]} Qxh3+
{[%clk 00:15:46]} {[%emt 00:03:41]} 44. gxh3 {[%clk 00:30:44]} {[%emt
00:00:24]} f5 {[%clk 00:15:42]} {[%emt 00:00:34]} 45. Rg7+ {[%clk 00:30:17]}
{[%emt 00:00:56]} Kf8 {[%clk 00:16:06]} {[%emt 00:00:07]} 46. Rxg5 {[%clk
00:30:41]} {[%emt 00:00:06]} Bd7 {[%clk 00:16:29]} {[%emt 00:00:07]} 47. Bd4
{[%clk 00:31:03]} {[%emt 00:00:07]} Rc6 {[%clk 00:15:15]} {[%emt 00:01:46]} 48.
h4 {[%clk 00:31:17]} {[%emt 00:00:15]} Rc8 {[%clk 00:15:14]} {[%emt 00:00:30]}
49. h5 {[%clk 00:31:33]} {[%emt 00:00:14]} Rc6 {[%clk 00:14:37]} {[%emt
00:01:07]} 50. Kg3 {[%clk 00:31:57]} {[%emt 00:00:06]} Kf7 {[%clk 00:14:55]}
{[%emt 00:00:12]} 51. Rg7+ {[%clk 00:32:01]} {[%emt 00:00:26]} 1-0

[Event "Hoogeveen Open"]
[Site "Hoogeveen, Netherlands"]
[Date "2018.10.27"]
[Round "9.13"]
[White "Hilwerda, Jonas"]
[Black "Colijn, Stefan"]
[Result "0-1"]
[WhiteElo "2109"]
[BlackElo "2340"]

1. e4 {[%clk 01:30:56]} {[%emt 00:00:04]} g6 {[%clk 01:27:22]} {[%emt
00:03:39]} 2. d4 {[%clk 01:30:38]} {[%emt 00:00:47]} Bg7 {[%clk 01:27:07]}
{[%emt 00:00:45]} 3. Nc3 {[%clk 01:29:04]} {[%emt 00:02:03]} d6 {[%clk
01:27:30]} {[%emt 00:00:08]} 4. Be3 {[%clk 01:25:39]} {[%emt 00:03:55]} a6
{[%clk 01:26:01]} {[%emt 00:02:00]} 5. Qd2 {[%clk 01:23:34]} {[%emt 00:02:34]}
b5 {[%clk 01:21:39]} {[%emt 00:04:52]} 6. f3 {[%clk 01:19:14]} {[%emt
00:04:50]} Bb7 {[%clk 01:21:09]} {[%emt 00:01:01]} 7. h4 {[%clk 01:17:47]}
{[%emt 00:01:56]} h6 {[%clk 01:18:53]} {[%emt 00:02:46]} 8. Nge2 {[%clk
01:10:05]} {[%emt 00:08:12]} Nd7 {[%clk 01:15:13]} {[%emt 00:04:11]} 9. h5
{[%clk 01:08:35]} {[%emt 00:01:59]} g5 {[%clk 01:15:26]} {[%emt 00:00:17]} 10.
Ng3 {[%clk 00:53:40]} {[%emt 00:15:25]} e6 {[%clk 01:13:54]} {[%emt 00:02:02]}
11. Be2 {[%clk 00:43:01]} {[%emt 00:11:09]} Ngf6 {[%clk 01:08:39]} {[%emt
00:05:45]} 12. a4 {[%clk 00:35:33]} {[%emt 00:07:59]} b4 {[%clk 00:58:35]}
{[%emt 00:10:34]} 13. Nd1 {[%clk 00:35:38]} {[%emt 00:00:25]} a5 {[%clk
00:56:31]} {[%emt 00:02:34]} 14. Nf2 {[%clk 00:34:32]} {[%emt 00:01:36]} Nb6
{[%clk 00:54:35]} {[%emt 00:02:25]} 15. f4 {[%clk 00:33:10]} {[%emt 00:01:52]}
gxf4 {[%clk 00:52:12]} {[%emt 00:02:53]} 16. Bxf4 {[%clk 00:33:19]} {[%emt
00:00:22]} Qe7 {[%clk 00:45:44]} {[%emt 00:06:58]} 17. c3 {[%clk 00:25:37]}
{[%emt 00:08:13]} d5 {[%clk 00:44:03]} {[%emt 00:02:09]} 18. e5 {[%clk
00:24:54]} {[%emt 00:01:14]} Ne4 {[%clk 00:38:53]} {[%emt 00:05:40]} 19. Ngxe4
{[%clk 00:20:49]} {[%emt 00:04:35]} dxe4 {[%clk 00:39:16]} {[%emt 00:00:06]} 20.
Qe3 {[%clk 00:20:37]} {[%emt 00:00:42]} Nd5 {[%clk 00:32:46]} {[%emt 00:07:01]}
21. Qxe4 {[%clk 00:13:38]} {[%emt 00:07:29]} Rb8 {[%clk 00:24:11]} {[%emt
00:09:05]} 22. c4 {[%clk 00:13:12]} {[%emt 00:00:56]} Nxf4 {[%clk 00:15:53]}
{[%emt 00:08:48]} 23. Qxf4 {[%clk 00:13:37]} {[%emt 00:00:05]} f6 {[%clk
00:15:46]} {[%emt 00:00:37]} 24. Bf3 {[%clk 00:05:08]} {[%emt 00:08:59]} fxe5
{[%clk 00:14:05]} {[%emt 00:02:11]} 25. dxe5 {[%clk 00:05:10]} {[%emt
00:00:29]} Rf8 {[%clk 00:13:54]} {[%emt 00:00:40]} 26. Qe3 {[%clk 00:05:22]}
{[%emt 00:00:17]} Bxf3 {[%clk 00:06:42]} {[%emt 00:07:43]} 27. gxf3 {[%clk
00:05:50]} {[%emt 00:00:02]} Qg5 {[%clk 00:07:05]} {[%emt 00:00:06]} 28. Qxg5
{[%clk 00:03:56]} {[%emt 00:02:23]} hxg5 {[%clk 00:06:07]} {[%emt 00:01:30]} 29.
Ke2 {[%clk 00:04:25]} {[%emt 00:00:02]} Bxe5 {[%clk 00:06:20]} {[%emt
00:00:16]} 30. Nd3 {[%clk 00:04:47]} {[%emt 00:00:07]} Bd4 {[%clk 00:06:29]}
{[%emt 00:00:21]} 31. Rh3 {[%clk 00:04:24]} {[%emt 00:00:53]} Rf5 {[%clk
00:06:25]} {[%emt 00:00:35]} 32. Rg3 {[%clk 00:03:55]} {[%emt 00:00:58]} Kf7
{[%clk 00:06:53]} {[%emt 00:00:02]} 33. Rh1 {[%clk 00:02:36]} {[%emt 00:01:49]}
b3 {[%clk 00:06:35]} {[%emt 00:00:49]} 34. Rg4 {[%clk 00:02:05]} {[%emt
00:01:01]} c5 {[%clk 00:05:46]} {[%emt 00:01:18]} 35. Rf1 {[%clk 00:01:12]}
{[%emt 00:01:23]} Rh8 {[%clk 00:05:54]} {[%emt 00:00:23]} 36. Rh1 {[%clk
00:01:36]} {[%emt 00:00:05]} Kg7 {[%clk 00:03:51]} {[%emt 00:02:34]} 37. Re4
{[%clk 00:00:42]} {[%emt 00:01:24]} Rh6 {[%clk 00:03:57]} {[%emt 00:00:24]} 38.
Rg4 {[%clk 00:00:47]} {[%emt 00:00:25]} Rhf6 {[%clk 00:03:40]} {[%emt
00:00:47]} 39. Rh3 {[%clk 00:01:14]} {[%emt 00:00:03]} Kh6 {[%clk 00:03:43]}
{[%emt 00:00:26]} 40. Re4 {[%clk 00:01:17]} {[%emt 00:00:27]} Kg7 {[%clk
00:01:09]} {[%emt 00:03:05]} 41. Rg4 {[%clk 00:24:08]} {[%emt 00:07:39]} Rh6
{[%clk 00:30:17]} {[%emt 00:01:21]} 42. Rh1 {[%clk 00:17:30]} {[%emt 00:07:08]}
Rh8 {[%clk 00:29:53]} {[%emt 00:00:54]} 43. Rh3 {[%clk 00:17:41]} {[%emt
00:00:19]} Kf7 {[%clk 00:26:54]} {[%emt 00:03:29]} 44. Rh1 {[%clk 00:13:29]}
{[%emt 00:04:42]} Rd8 {[%clk 00:27:14]} {[%emt 00:00:10]} 45. Rb1 {[%clk
00:11:15]} {[%emt 00:02:44]} Kg7 {[%clk 00:25:58]} {[%emt 00:01:46]} 46. Rh1
{[%clk 00:10:20]} {[%emt 00:01:25]} Kh6 {[%clk 00:26:27]} {[%emt 00:00:02]} 47.
Re4 {[%clk 00:06:35]} {[%emt 00:04:15]} Rd6 {[%clk 00:26:55]} {[%emt 00:00:02]}
48. Rg4 {[%clk 00:01:09]} {[%emt 00:05:56]} Rf8 {[%clk 00:27:09]} {[%emt
00:00:16]} 49. f4 {[%clk 00:00:41]} {[%emt 00:00:58]} Rf5 {[%clk 00:26:40]}
{[%emt 00:00:59]} 50. fxg5+ {[%clk 00:00:33]} {[%emt 00:00:37]} Rxg5 {[%clk
00:27:05]} {[%emt 00:00:04]} 51. Rxg5 {[%clk 00:00:32]} {[%emt 00:00:33]} Kxg5
{[%clk 00:27:33]} {[%emt 00:00:01]} 52. Nc1 {[%clk 00:00:32]} {[%emt 00:00:30]}
Rb6 {[%clk 00:27:08]} {[%emt 00:00:56]} 53. Rh3 {[%clk 00:00:39]} {[%emt
00:00:23]} Rb4 {[%clk 00:24:06]} {[%emt 00:03:32]} 54. Nxb3 {[%clk 00:01:06]}
{[%emt 00:00:02]} Kg4 {[%clk 00:23:36]} {[%emt 00:01:00]} 55. Rd3 {[%clk
00:00:59]} {[%emt 00:00:37]} e5 {[%clk 00:21:51]} {[%emt 00:02:16]} 56. h6
{[%clk 00:00:42]} {[%emt 00:00:47]} Rb6 {[%clk 00:19:46]} {[%emt 00:02:35]} 57.
Nxa5 {[%clk 00:00:42]} {[%emt 00:00:30]} Rxh6 {[%clk 00:19:39]} {[%emt
00:00:37]} 58. Nb3 {[%clk 00:00:59]} {[%emt 00:00:13]} Rh2+ {[%clk 00:19:58]}
{[%emt 00:00:10]} 59. Kd1 {[%clk 00:01:21]} {[%emt 00:00:08]} Rxb2 {[%clk
00:20:07]} {[%emt 00:00:21]} 60. a5 {[%clk 00:00:34]} {[%emt 00:01:19]} e4
{[%clk 00:19:34]} {[%emt 00:01:03]} 61. Rxd4 {[%clk 00:01:02]} {[%emt
00:00:02]} cxd4 {[%clk 00:19:58]} {[%emt 00:00:05]} 62. Nxd4 {[%clk 00:01:20]}
{[%emt 00:00:11]} Ra2 {[%clk 00:20:09]} {[%emt 00:00:19]} 63. c5 {[%clk
00:00:32]} {[%emt 00:01:18]} Rxa5 {[%clk 00:18:09]} {[%emt 00:02:30]} 64. Kd2
{[%clk 00:00:32]} {[%emt 00:00:30]} Rxc5 {[%clk 00:16:51]} {[%emt 00:01:48]} 65.
Ke3 {[%clk 00:00:54]} {[%emt 00:00:08]} Re5 {[%clk 00:17:18]} {[%emt 00:00:04]}
66. Ne2 {[%clk 00:00:44]} {[%emt 00:00:41]} Re8 {[%clk 00:17:23]} {[%emt
00:00:24]} 67. Nd4 {[%clk 00:00:31]} {[%emt 00:00:43]} Kg5 {[%clk 00:17:44]}
{[%emt 00:00:08]} 68. Nb5 {[%clk 00:00:31]} {[%emt 00:00:31]} Kf6 {[%clk
00:17:34]} {[%emt 00:00:40]} 69. Nd6 {[%clk 00:00:35]} {[%emt 00:00:26]} Re6
{[%clk 00:17:58]} {[%emt 00:00:06]} 70. Nc4 {[%clk 00:00:43]} {[%emt 00:00:22]}
Kf5 {[%clk 00:18:15]} {[%emt 00:00:12]} 71. Nd2 {[%emt 00:00:41]} Ra6 {[%emt
00:00:24]} 72. Nc4 {[%clk 00:00:53]} Rc6 {[%clk 00:18:48]} {[%emt 00:00:12]}
0-1

[Event "Hoogeveen Open"]
[Site "Hoogeveen, Netherlands"]
[Date "2018.10.27"]
[Round "9.14"]
[White "Minko, Dmitry"]
[Black "Li, Henry"]
[Result "1/2-1/2"]
[WhiteElo "2011"]
[BlackElo "2207"]

1. e4 {[%clk 01:30:56]} {[%emt 00:00:03]} e5 {[%clk 01:30:50]} {[%emt
00:00:11]} 2. Nf3 {[%clk 01:31:20]} {[%emt 00:00:06]} Nc6 {[%clk 01:31:14]}
{[%emt 00:00:06]} 3. d4 {[%clk 01:31:44]} {[%emt 00:00:05]} exd4 {[%clk
01:31:40]} {[%emt 00:00:05]} 4. Nxd4 {[%clk 01:32:10]} {[%emt 00:00:03]} Nf6
{[%clk 01:32:03]} {[%emt 00:00:08]} 5. Nc3 {[%clk 01:32:31]} {[%emt 00:00:09]}
Bb4 {[%clk 01:32:27]} {[%emt 00:00:06]} 6. Nxc6 {[%clk 01:32:53]} {[%emt
00:00:08]} bxc6 {[%clk 01:32:52]} {[%emt 00:00:05]} 7. Bd3 {[%clk 01:33:19]}
{[%emt 00:00:03]} d5 {[%clk 01:33:14]} {[%emt 00:00:08]} 8. exd5 {[%clk
01:33:42]} {[%emt 00:00:07]} O-O {[%clk 01:33:38]} {[%emt 00:00:06]} 9. O-O
{[%clk 01:34:05]} {[%emt 00:00:07]} cxd5 {[%clk 01:34:05]} {[%emt 00:00:04]} 10.
Bg5 {[%clk 01:34:30]} {[%emt 00:00:05]} c6 {[%clk 01:34:26]} {[%emt 00:00:08]}
11. Qf3 {[%clk 01:34:29]} {[%emt 00:00:31]} h6 {[%clk 01:34:35]} {[%emt
00:00:22]} 12. Bxf6 {[%clk 01:33:33]} {[%emt 00:01:25]} Qxf6 {[%clk 01:35:01]}
{[%emt 00:00:05]} 13. Qxf6 {[%clk 01:33:58]} {[%emt 00:00:05]} gxf6 {[%clk
01:35:27]} {[%emt 00:00:04]} 14. Ne2 {[%clk 01:33:47]} {[%emt 00:00:41]} Re8
{[%clk 01:25:16]} {[%emt 00:10:40]} 15. c3 {[%clk 01:32:32]} {[%emt 00:01:45]}
Bf8 {[%clk 01:20:29]} {[%emt 00:05:17]} 16. Nd4 {[%clk 01:28:17]} {[%emt
00:04:45]} c5 {[%clk 01:10:28]} {[%emt 00:10:32]} 17. Nb5 {[%clk 01:14:21]}
{[%emt 00:14:26]} Rb8 {[%clk 01:01:55]} {[%emt 00:09:02]} 18. b3 {[%clk
01:12:53]} {[%emt 00:01:58]} Rb7 {[%clk 00:50:39]} {[%emt 00:11:46]} 19. c4
{[%clk 01:07:16]} {[%emt 00:06:07]} d4 {[%clk 00:50:08]} {[%emt 00:01:01]} 20.
Rfe1 {[%clk 01:07:07]} {[%emt 00:00:39]} Re6 {[%clk 00:46:04]} {[%emt
00:04:35]} 21. f4 {[%clk 00:52:56]} {[%emt 00:14:41]} Rbe7 {[%clk 00:42:38]}
{[%emt 00:03:55]} 22. Kf2 {[%clk 00:48:57]} {[%emt 00:04:29]} a6 {[%clk
00:34:38]} {[%emt 00:08:31]} 23. Rxe6 {[%clk 00:34:00]} {[%emt 00:15:27]} fxe6
{[%clk 00:34:48]} {[%emt 00:00:20]} 24. Nd6 {[%clk 00:34:21]} {[%emt 00:00:08]}
Bd7 {[%clk 00:32:25]} {[%emt 00:02:53]} 25. f5 {[%clk 00:32:34]} {[%emt
00:02:17]} exf5 {[%clk 00:31:22]} {[%emt 00:01:33]} 26. Nxf5 {[%clk 00:30:05]}
{[%emt 00:02:59]} Re5 {[%clk 00:31:24]} {[%emt 00:00:28]} 27. g4 {[%clk
00:29:44]} {[%emt 00:00:51]} 1/2-1/2

[Event "Hoogeveen Open"]
[Site "Hoogeveen, Netherlands"]
[Date "2018.10.27"]
[Round "9.15"]
[White "Elgersma, Simon"]
[Black "Van Foreest, Machteld"]
[Result "1/2-1/2"]
[WhiteElo "2237"]
[BlackElo "1934"]

1. e4 {[%clk 01:30:55]} {[%emt 00:00:04]} e6 {[%clk 01:30:58]} {[%emt
00:00:03]} 2. d4 {[%clk 01:31:08]} {[%emt 00:00:16]} d5 {[%clk 01:31:25]}
{[%emt 00:00:04]} 3. Nc3 {[%clk 01:31:17]} {[%emt 00:00:20]} Nf6 {[%clk
01:31:51]} {[%emt 00:00:05]} 4. e5 {[%clk 01:31:41]} {[%emt 00:00:06]} Nfd7
{[%clk 01:32:18]} {[%emt 00:00:03]} 5. f4 {[%clk 01:31:54]} {[%emt 00:00:16]}
c5 {[%clk 01:32:39]} {[%emt 00:00:10]} 6. Nf3 {[%clk 01:32:17]} {[%emt
00:00:07]} Nc6 {[%clk 01:33:07]} {[%emt 00:00:02]} 7. Be3 {[%clk 01:32:05]}
{[%emt 00:00:41]} a6 {[%clk 01:33:34]} {[%emt 00:00:04]} 8. Ne2 {[%clk
01:32:29]} {[%emt 00:00:05]} b5 {[%clk 01:32:03]} {[%emt 00:02:02]} 9. c3
{[%clk 01:32:25]} {[%emt 00:00:32]} Rb8 {[%clk 01:30:20]} {[%emt 00:02:15]} 10.
g3 {[%clk 01:29:41]} {[%emt 00:03:13]} b4 {[%clk 01:25:38]} {[%emt 00:05:13]}
11. cxb4 {[%clk 01:06:46]} {[%emt 00:23:24]} cxd4 {[%clk 01:21:00]} {[%emt
00:05:09]} 12. Nexd4 {[%clk 01:06:08]} {[%emt 00:01:08]} Bxb4+ {[%clk
01:20:04]} {[%emt 00:01:26]} 13. Kf2 {[%clk 01:05:57]} {[%emt 00:00:39]} Nxd4
{[%clk 01:13:38]} {[%emt 00:06:57]} 14. Bxd4 {[%clk 00:57:55]} {[%emt
00:08:32]} Bc5 {[%clk 01:05:16]} {[%emt 00:08:52]} 15. b3 {[%clk 00:44:23]}
{[%emt 00:14:03]} Qb6 {[%clk 01:02:35]} {[%emt 00:03:11]} 16. Rc1 {[%clk
00:42:56]} {[%emt 00:01:56]} a5 {[%clk 00:57:00]} {[%emt 00:06:05]} 17. Kg2
{[%clk 00:29:50]} {[%emt 00:13:36]} Bxd4 {[%clk 00:48:01]} {[%emt 00:09:31]} 18.
Nxd4 {[%clk 00:27:53]} {[%emt 00:02:26]} Ba6 {[%clk 00:37:22]} {[%emt
00:11:08]} 19. Rc6 {[%clk 00:26:42]} {[%emt 00:01:40]} Bxf1+ {[%clk 00:37:08]}
{[%emt 00:00:45]} 20. Rxf1 {[%clk 00:27:04]} {[%emt 00:00:08]} Qb4 {[%clk
00:30:58]} {[%emt 00:06:41]} 21. a3 {[%clk 00:19:16]} {[%emt 00:08:17]} Qb7
{[%clk 00:24:13]} {[%emt 00:07:16]} 22. Qh5 {[%clk 00:18:43]} {[%emt 00:01:00]}
O-O {[%clk 00:22:52]} {[%emt 00:01:52]} 23. Rfc1 {[%clk 00:17:30]} {[%emt
00:01:45]} Rfc8 {[%clk 00:20:23]} {[%emt 00:02:58]} 24. f5 {[%clk 00:13:15]}
{[%emt 00:04:44]} g6 {[%clk 00:16:11]} {[%emt 00:04:44]} 25. fxg6 {[%clk
00:12:41]} {[%emt 00:01:04]} hxg6 {[%clk 00:16:38]} {[%emt 00:00:03]} 26. Qg5
{[%clk 00:12:19]} {[%emt 00:00:52]} Nf8 {[%clk 00:12:08]} {[%emt 00:05:00]} 27.
h4 {[%clk 00:11:19]} {[%emt 00:01:30]} Nh7 {[%clk 00:11:49]} {[%emt 00:00:49]}
28. Qg4 {[%clk 00:10:08]} {[%emt 00:01:39]} Rxc6 {[%clk 00:11:34]} {[%emt
00:00:47]} 29. Rxc6 {[%clk 00:08:42]} {[%emt 00:01:56]} Rc8 {[%clk 00:11:47]}
{[%emt 00:00:17]} 30. Rd6 {[%clk 00:08:37]} {[%emt 00:00:33]} a4 {[%clk
00:10:56]} {[%emt 00:01:22]} 31. h5 {[%clk 00:08:01]} {[%emt 00:01:06]} axb3
{[%clk 00:07:00]} {[%emt 00:04:27]} 32. hxg6 {[%clk 00:03:05]} {[%emt
00:05:26]} b2 {[%clk 00:07:15]} {[%emt 00:00:15]} 33. gxh7+ {[%clk 00:00:48]}
{[%emt 00:02:46]} Kh8 {[%clk 00:07:36]} {[%emt 00:00:09]} 34. Qg5 {[%clk
00:00:44]} {[%emt 00:00:34]} b1=Q {[%clk 00:07:01]} {[%emt 00:01:05]} 35. Qf6+
{[%clk 00:00:44]} {[%emt 00:00:29]} Kxh7 {[%clk 00:07:29]} {[%emt 00:00:03]} 36.
Qh4+ {[%clk 00:01:09]} {[%emt 00:00:05]} Kg8 {[%clk 00:07:29]} {[%emt
00:00:30]} 37. Rd8+ {[%clk 00:01:22]} {[%emt 00:00:17]} Rxd8 {[%clk 00:07:50]}
{[%emt 00:00:09]} 38. Qxd8+ {[%clk 00:01:48]} {[%emt 00:00:03]} Kg7 {[%clk
00:06:40]} {[%emt 00:01:41]} 39. Qf6+ {[%clk 00:02:10]} {[%emt 00:00:08]} Kh7
{[%clk 00:06:52]} {[%emt 00:00:18]} 40. Qh4+ {[%clk 00:02:33]} {[%emt
00:00:06]} Kg6 {[%clk 00:06:51]} {[%emt 00:00:31]} 41. Qf6+ {[%clk 00:02:20]}
{[%emt 00:00:43]} Kh5 {[%clk 00:06:12]} {[%emt 00:01:09]} 42. Qh4+ {[%clk
00:00:48]} {[%emt 00:02:02]} Kg6 {[%clk 00:06:35]} {[%emt 00:00:07]} 43. Qf6+
{[%clk 00:01:13]} {[%emt 00:00:05]} Kh7 {[%clk 00:06:32]} {[%emt 00:00:33]}
1/2-1/2

[Event "Hoogeveen Open"]
[Site "Hoogeveen, Netherlands"]
[Date "2018.10.27"]
[Round "9.16"]
[White "Kevlishvili, Robby"]
[Black "Boersma, Jan"]
[Result "1-0"]
[WhiteElo "2461"]
[BlackElo "2047"]

1. e4 {[%clk 01:30:58]} {[%emt 00:00:02]} c5 {[%clk 01:30:56]} {[%emt
00:00:04]} 2. Nf3 {[%clk 01:31:24]} {[%emt 00:00:04]} g6 {[%emt 00:00:12]} 3.
c4 {[%clk 01:31:46]} Nc6 {[%clk 01:31:47]} {[%emt 00:00:05]} 4. d4 {[%clk
01:32:12]} {[%emt 00:00:03]} cxd4 {[%clk 01:32:15]} {[%emt 00:00:03]} 5. Nxd4
{[%clk 01:32:37]} {[%emt 00:00:05]} Nf6 {[%clk 01:32:37]} {[%emt 00:00:07]} 6.
Nc3 {[%clk 01:33:05]} {[%emt 00:00:03]} d6 {[%clk 01:33:03]} {[%emt 00:00:04]}
7. Nc2 {[%clk 01:33:32]} {[%emt 00:00:03]} Bg7 {[%clk 01:33:28]} {[%emt
00:00:05]} 8. Be2 {[%clk 01:33:53]} {[%emt 00:00:08]} O-O {[%clk 01:33:49]}
{[%emt 00:00:10]} 9. O-O {[%clk 01:34:09]} {[%emt 00:00:14]} b6 {[%clk
01:34:02]} {[%emt 00:00:17]} 10. Rb1 {[%clk 01:33:58]} {[%emt 00:00:41]} Bb7
{[%clk 01:34:19]} {[%emt 00:00:13]} 11. b3 {[%clk 01:34:03]} {[%emt 00:00:25]}
Nb8 {[%clk 01:33:34]} {[%emt 00:01:15]} 12. f3 {[%clk 01:31:55]} {[%emt
00:02:38]} Nbd7 {[%clk 01:33:17]} {[%emt 00:00:47]} 13. Bb2 {[%clk 01:32:05]}
{[%emt 00:00:19]} a6 {[%clk 01:30:12]} {[%emt 00:03:36]} 14. a4 {[%clk
01:31:19]} {[%emt 00:01:16]} Rc8 {[%clk 01:28:51]} {[%emt 00:01:51]} 15. Qd2
{[%clk 01:29:31]} {[%emt 00:02:17]} Re8 {[%clk 01:21:12]} {[%emt 00:08:10]} 16.
Rfd1 {[%clk 01:25:39]} {[%emt 00:04:22]} Bf8 {[%clk 01:14:35]} {[%emt
00:07:07]} 17. Nd5 {[%clk 01:21:46]} {[%emt 00:04:23]} e6 {[%clk 01:10:42]}
{[%emt 00:04:23]} 18. Nxf6+ {[%clk 01:16:16]} {[%emt 00:06:00]} Nxf6 {[%clk
01:11:07]} {[%emt 00:00:04]} 19. Kh1 {[%clk 01:15:16]} {[%emt 00:01:30]} Nh5
{[%clk 01:04:18]} {[%emt 00:07:20]} 20. Qd4 {[%clk 01:09:31]} {[%emt 00:06:15]}
e5 {[%clk 00:47:08]} {[%emt 00:17:40]} 21. Qf2 {[%clk 01:09:46]} {[%emt
00:00:14]} d5 {[%clk 00:35:32]} {[%emt 00:12:07]} 22. exd5 {[%clk 01:06:24]}
{[%emt 00:03:51]} Bc5 {[%clk 00:34:34]} {[%emt 00:01:28]} 23. Qe1 {[%clk
01:06:05]} {[%emt 00:00:49]} e4 {[%clk 00:34:53]} {[%emt 00:00:12]} 24. Qc3
{[%clk 01:05:44]} {[%emt 00:00:51]} f6 {[%clk 00:34:13]} {[%emt 00:01:09]} 25.
fxe4 {[%clk 01:05:55]} {[%emt 00:00:19]} Nf4 {[%clk 00:30:16]} {[%emt
00:04:28]} 26. Bf3 {[%clk 01:06:01]} {[%emt 00:00:24]} Re5 {[%clk 00:30:21]}
{[%emt 00:00:26]} 27. Qd2 {[%clk 01:06:09]} {[%emt 00:00:21]} 1-0